Vliv evropské integrace na ekonomický vývoj České republiky a dalších členů EU pohledem žebříčků konkurenceschopnosti
Možnosti porovnávania ekonomického postavenia krajín prostredníctvom rebríčka konkurencieschopnosti. Vplyv európskej integrácie na ekonomické postavenie krajín kandidujúcich na členstvo v EÚ. Vplyv vstupu do EÚ na ekonomické postavenie nových členov únie. Vplyv ekonomickej integrácie na ekonomické p...
Enregistré dans:
| Auteur principal: | |
|---|---|
| Format: | Chapitre de livre |
| Langue: | tchèque |
| Sujets: | |
| Tags: |
Pas de tags, Soyez le premier à ajouter un tag!
|
MARC
| LEADER | 00000naa$a2200000$$$4500 | ||
|---|---|---|---|
| 001 | 0066439 | ||
| 005 | 20220713131503.7 | ||
| 041 | 0 | |a cze | |
| 044 | |a CZ | ||
| 245 | 1 | 0 | |a Vliv evropské integrace na ekonomický vývoj České republiky a dalších členů EU pohledem žebříčků konkurenceschopnosti |c Jiří Malý |
| 520 | |a Možnosti porovnávania ekonomického postavenia krajín prostredníctvom rebríčka konkurencieschopnosti. Vplyv európskej integrácie na ekonomické postavenie krajín kandidujúcich na členstvo v EÚ. Vplyv vstupu do EÚ na ekonomické postavenie nových členov únie. Vplyv ekonomickej integrácie na ekonomické postavenie starých členov EÚ. Ekonomické postavenie Európskej únie v porovnaní s inými veľkými ekonomikami sveta. | ||
| 610 | 2 | 0 | |a Česko |
| 610 | 2 | 0 | |a krajiny vyspelé |
| 610 | 2 | 0 | |a integrácia ekonomická medzinárodná |
| 610 | 2 | 0 | |a vývoj hospodársky |
| 610 | 2 | 0 | |a konkurencieschopnosť |
| 100 | 1 | |a Malý, Jiří | |